| 000 | 00532nam a2200193Ia 4500 | ||
|---|---|---|---|
| 005 | 20250423100450.0 | ||
| 008 | 250422s9999 xx 000 0 und d | ||
| 020 | _a9780470683934 | ||
| 050 | _aRC 952 .A43/ | ||
| 100 | _aEdited by Alan J. Sinclair, John E. Morley and Bruno Vellas | ||
| 245 | 0 | _aPathy’s principles and practice of geriatric medicine [Vol.II] | |
| 250 | _a5th ed. | ||
| 260 | _aUnited Kingdom | ||
| 260 | _bWiley-Blackwell | ||
| 260 | _c2012 | ||
| 300 | _a833 p | ||
| 650 | _aGeriatrics. | ||
| 942 | _cBK | ||
| 999 |
_c33388 _d33388 |
||